Movimiento ciudadano por la paz : antecedentes, experiencias y discusiones (Registro nro. 291935)
[ vista simple ]
| 001 - NÚMERO DE CONTROL | |
|---|---|
| campo de control | 840286 |
| 005 - FECHA Y HORA DE LA ÚLTIMA TRANSACCIÓN | |
| campo de control | 20240718090303.0 |
| 008 - DATOS DE LONGITUD FIJA--INFORMACIÓN GENERAL | |
| campo de control de longitud fija | 030827e20030501 spa |
| 035 ## - NÚMERO DE CONTROL DEL SISTEMA | |
| Número de control de sistema | 840286 |
| 035 ## - NÚMERO DE CONTROL DEL SISTEMA | |
| Número de control de sistema | (OCoLC)820073595 |
| 040 ## - FUENTE DE LA CATALOGACIÓN | |
| Centro/agencia transcriptor | comduadb |
| 041 ## - CÓDIGO DE LENGUA | |
| Código de lengua del texto/banda sonora o título independiente | spa |
| 100 10 - ENTRADA PRINCIPAL--NOMBRE DE PERSONA | |
| Nombre de persona | Villarraga Sarmiento, Álvaro |
| Código de función | aut |
| Término indicativo de función/relación | Autor/a |
| 9 (RLIN) | 509728 |
| 245 10 - MENCIÓN DE TÍTULO | |
| Título | Movimiento ciudadano por la paz : antecedentes, experiencias y discusiones |
| 260 ## - PUBLICACIÓN, DISTRIBUCIÓN, ETC. | |
| Fecha de publicación, distribución, etc. | 2003. |
| 520 3# - SUMARIO, ETC. | |
| Sumario, etc. | Se cumple una decada de la aparicion en el panorama nacional de un sinnumero de actividades realizadas por colectivos de organizaciones sociales que han sido reconocidas como las iniciativas de paz; su impacto ha sido notorio en la opinion publica y con poder de incidencia ante los gobiernos y los actores armados participantes en la guerra. Sobre esta base podemos discutir que durante los anos noventa surgio un nuevo movimiento ciudadano, el cual presenta particularidades y resume basicamente las caracteristicas atribuias a los movimientos sociales. |
| 610 24 - PUNTO DE ACCESO ADICIONAL DE MATERIA--NOMBRE DE ENTIDAD CORPORATIVA | |
| Nombre de entidad corporativa o nombre de jurisdicción como elemento de entrada | Fuerzas Armadas Revolucionarias de Colombia |
| 9 (RLIN) | 831841 |
| 610 24 - PUNTO DE ACCESO ADICIONAL DE MATERIA--NOMBRE DE ENTIDAD CORPORATIVA | |
| Nombre de entidad corporativa o nombre de jurisdicción como elemento de entrada | Ejército de Liberación Nacional (Colombia) |
| 9 (RLIN) | 832010 |
| 650 ## - PUNTO DE ACCESO ADICIONAL DE MATERIA--TÉRMINO DE MATERIA | |
| Término de materia o nombre geográfico como elemento de entrada | Movimiento ciudadano |
| 9 (RLIN) | 174780 |
| 650 #7 - PUNTO DE ACCESO ADICIONAL DE MATERIA--TÉRMINO DE MATERIA | |
| Término de materia o nombre geográfico como elemento de entrada | Paz |
| Subdivisión geográfica | Colombia |
| Fuente del encabezamiento o término | lemb |
| 9 (RLIN) | 34396 |
| 650 #7 - PUNTO DE ACCESO ADICIONAL DE MATERIA--TÉRMINO DE MATERIA | |
| Término de materia o nombre geográfico como elemento de entrada | Proceso de paz |
| Subdivisión geográfica | Colombia |
| Fuente del encabezamiento o término | lemb |
| 9 (RLIN) | 7463 |
| 650 #7 - PUNTO DE ACCESO ADICIONAL DE MATERIA--TÉRMINO DE MATERIA | |
| Término de materia o nombre geográfico como elemento de entrada | Movimientos sociales |
| Subdivisión geográfica | Colombia |
| Fuente del encabezamiento o término | lemb |
| 9 (RLIN) | 6234 |
| 650 ## - PUNTO DE ACCESO ADICIONAL DE MATERIA--TÉRMINO DE MATERIA | |
| Término de materia o nombre geográfico como elemento de entrada | Ruta Pacifica de las Mujeres |
| 9 (RLIN) | 99221 |
| 650 ## - PUNTO DE ACCESO ADICIONAL DE MATERIA--TÉRMINO DE MATERIA | |
| Término de materia o nombre geográfico como elemento de entrada | Sociedad civil - Colombia |
| 9 (RLIN) | 73217 |
| 773 0# - ENLACE AL DOCUMENTO FUENTE/ENTRADA DE REGISTRO ANFITRIÓN | |
| Título | Revista Foro (Santafé de Bogotá) |
| Parte(s) relacionada(s) | No. 47, May. 2003, p. 41-56 |
| Número de control del registro | 6971 |
| Número Internacional Normalizado para Publicaciones Seriadas | 0121-2559 |
| Número bibliográfico anfitrión | 4662 |
| 942 ## - ELEMENTOS DE ENTRADA AGREGADA (KOHA) | |
| Tipo de ítem Koha | Artículo de Revista |
No hay ítems disponibles.